| 000 | 00000nam##2200000za#4500 |
| 001 | 9.681539 |
| 003 | CaOODSP |
| 005 | 20200330071219 |
| 007 | ta |
| 008 | 150407|2001||||xxc||||| f|0| 0 fre|d |
| 020 | |a0-662-85952-9 |
| 040 | |aCaOODSP|bfre |
| 043 | |an-cn--- |
| 086 | 1 |aT22-107/2001F |
| 110 | 1 |aCanada. |bTransports Canada. |
| 245 | 10|aVision fondée sur l'équilibre : |brapport d'examen du Comité d'examen de la Loi sur les transports au Canada |
| 260 | |aOttawa - Ontario : |bTransports Canada |c2001. |
| 300 | |axiv, 408p. : |bgraphiques, tableaux ; |c23 cm. + |eCD-ROM. |
| 500 | |aDonnées de catalogage avant publication (Canada) imprimées dans cette publication. Sommaire: Le mandat du Comité et le processus d'examen.--Le contexte de l'examen du Comité.--Principes directeurs et thèmes en vue d'un examen des enjeux et des politiques se rapportant aux transports.--Accès concurrentiel dans le secteur ferroviaire: définition des enjeux.--L'accès concurrentiel dans le secteur ferroviaire et la protection des expéditeurs recommandations.--Le processus d'examen des fusions.--L'industrie du transportaérien.--Le transport maritime.--La gestion des fournisseurs d'infrastructure commercialisés récemment.--Le financement des routes.--Traversiers, autocars et train voyageurs.--L'intérêt national dans les transports urbains.--La préservation des corridors ferroviaires urbains.--L'accessibilité des transports pour les personnes ayant une déficience.--L'impact des affaires électroniques sur les transports au Canada.--L'environnement et le développement durable.--Élaboration de la politique gouvernementale.--Autres modifications législatives.--Vers une vision nationale des transports.--Annexes. Sommaire partiel du CD-ROM: Rapport provisoire sur l'accès concurrentiel ferroviaire.--Liste des recommandations.--Information d'appoint sur le secteur ferroviaire.--Enquête auprès des expéditeurs.--Sommaires des principaux rapports de recherche. |
| 563 | |aCouverture souple |
| 590 | |a01-31|b2001-08-03 |
| 691 | 07|aPolitique des transports|2gcpds |
| 691 | 07|aLégislation|2gcpds |
| 691 | 07|aTransport|2gcpds |
| 775 | 08|tVision and balance : |w(CaOODSP)9.648223 |
| 776 | 0#|tVision fondée sur l'équilibre : |w(CaOODSP)9.639884 |